00365 2200145 4500001002100000005001500021035002000036245007300056100001800129300001200147260002600159082000800185084001400193990001200207INLIS00000000000181720250506113829 a0010-05250001091 aAneka Masakan Lengkap Disertai Minuman, Puding, Kue /cSiti Zubaidah0 aSiti Zubaidah a128 hlm aSurabaya :bDua Media a600 a600 SIT a a0754739